Pokémon with 4x weakness to Fairy - Statistics

General Stats
  • This quiz has been taken 253 times
    40 since last reset
  • The average score is 9 of 12
Answer Stats
Gen Answer % Correct
V Hydreigon
93%
V Deino
89%
VII Kommo-o
85%
V Scrafty
85%
V Scraggy
85%
V Zweilous
85%
VII Hakamo-o
81%
VII Guzzlord
70%
VI Pangoro
70%
IX Roaring Moon
67%
VIII Urshifu (Single Strike Style)
63%
IX Koraidon
59%
No matching quizzes found
Score Distribution
Percent of People with Each Score
Percentile by Number Answered
Your Score History
You have not taken this quiz since the last reset